| 000 | 01391cam a2200145 4500500 | ||
|---|---|---|---|
| 005 | 20260329023138.0 | ||
| 041 | _afre | ||
| 042 | _adc | ||
| 100 | 1 | 0 |
_aBertaux, Daniel _eauthor |
| 700 | 1 | 0 |
_ade Singly, François _eauthor |
| 245 | 0 | 0 | _aLe récit de vie |
| 260 |
_bArmand Colin,
_c2016. |
||
| 520 | _aChaque parcours de vie d’une personne est synthèse de multiples déterminations, d’interactions et des actions de la personne elle-même. Aussi chaque récit d’un parcours de vie contient-il, sous forme narrative, des informations et des significations sur des niveaux très divers de réalité.Comment le sociologue doit-il s’y prendre pour recueillir des récits de vie — et auprès de quelles personnes — afin que chacun contribue à la compréhension de l’objet étudié ? Comment construire cet objet sociologiquement, comment développer l’enquête et la mener à bien, comment y insérer des moments d’observation directe des interactions ? Comment recomposer peu à peu par l’analyse un modèle réaliste de l’objet d’étude, un modèle qui en donne une description analytique et dynamique la plus riche et la plus fidèle possible ? C’est à ces nombreuses questions que répond l’ouvrage, dont la 4e édition a été largement revue. | ||
| 856 | 4 | 1 | _uhttps://shs.cairn.info/le-recit-de-vie--9782200601614?lang=fr&redirect-ssocas=7080 |
| 999 |
_c1925051 _d1925051 |
||